000 00385nam a2200181Ia 4500
001 1906
005 20260306143803.0
008 260306t2012||||xx |||||||||||||| ||spa||
041 _aESP
082 _a158.1
_bH87
100 _aHuete, Luis
_eAUT
245 0 _aConstruye tu sueƱo
260 _c2012
300 _a
_c
650 _aGEN
654 _aCPS
942 _cLIB
_dJUS
_fJUS
_2ddc
_n
999 _c1906
_d1906